|
|
|
|
| LEADER |
00916nam a2200241 a 4500 |
| 001 |
000028297 |
| 003 |
CZ BrMZK |
| 005 |
20071123075745.0 |
| 007 |
ta |
| 008 |
010907s1988 xr f cze d |
| 040 |
|
|
|a BOA001
|b cze
|
| 080 |
9 |
|
|a 796.413/.418(075)
|
| 100 |
1 |
|
|a Tůma, Zdeněk,
|d 1946-
|7 jx20090421030
|4 aut
|
| 245 |
1 |
0 |
|a Sportovní gymnastika :
|b učební text pro trenéry 3.a 2.třídy.
|n Díl 1 /
|c zprac.aut.kol.:Zdeněk Tůma (ved.kol.), ...
|
| 250 |
|
|
|a 2.vyd.
|
| 260 |
|
|
|a Praha :
|b Olympia,
|c 1988
|
| 300 |
|
|
|a 102 s.
|
| 504 |
|
|
|a Obsahuje bibliografii
|
| 910 |
|
|
|a BOA001
|b PK-N-0026.696,1
|b 4-0927.326,1
|
| 964 |
|
|
|a Gymnastika sportovní - učebnice
|
| 990 |
|
|
|a BK
|
| 996 |
7 |
|
|b 3119989282
|c PK-N-0026.696
|d Díl 1.
|v 1
|l MZK
|r Sklad / do 1 hodiny
|n 13
|w 000028297
|u 000010
|a 1
|e BOA001
|j MZK50
|s A
|
| 996 |
6 |
|
|b BC-497031
|c 4-0927.326
|d Díl 1.
|v 1
|l MZK
|r Sklad / do 1 hodiny
|n 0
|w 000028297
|u 000020
|a 1
|e BOA001
|j MZK50
|s P
|